| Tag |
First Indicator |
Second Indicator |
Subfields |
| LEADER |
00000cam a2200000 i 4500 |
| 001 |
in00000611621 |
| 005 |
20151015052038.0 |
| 008 |
730601s1973 maua b 00110 eng |
| 010 |
|
|
|a 71167996
|
| 035 |
|
|
|a (OCoLC)00942678
|
| 035 |
|
|
|9 ACT9915AM
|
| 040 |
|
|
|a DLC
|c DLC
|d TXA
|d UtOrBLW
|
| 049 |
|
|
|a TXAM
|c [1539882]
|
| 050 |
0 |
0 |
|a QD79.I5
|b S76 1973
|
| 082 |
0 |
|
|a 543/.08
|
| 100 |
1 |
|
|a Strobel, Howard A.
|
| 245 |
1 |
0 |
|a Chemical instrumentation ;
|b a systematic approach /
|c [by] Howard A. Strobel.
|
| 250 |
|
|
|a 2d ed.
|
| 264 |
|
1 |
|a Reading, Mass. :
|b Addison-Wesley Pub. Co.,
|c [1973]
|
| 264 |
|
4 |
|c [©1973]
|
| 300 |
|
|
|a xxii, 903 pages :
|b illustrations ;
|c 25 cm.
|
| 336 |
|
|
|a text
|b txt
|2 rdacontent
|
| 337 |
|
|
|a unmediated
|b n
|2 rdamedia
|
| 338 |
|
|
|a volume
|b nc
|2 rdacarrier
|
| 490 |
1 |
|
|a Addison-Wesley series in chemistry
|
| 504 |
|
|
|a Includes bibliographical references.
|
| 650 |
|
0 |
|a Instrumental analysis.
|
| 830 |
|
0 |
|a Addison-Wesley series in chemistry.
|
| 999 |
|
|
|a MARS
|
| 999 |
f |
f |
|s 6cbfe4e4-c23e-3e7d-9b0f-41ee79f40ed5
|i 4368f1a3-85a4-3d86-bbcf-0223fca421b6
|t 0
|
| 952 |
f |
f |
|p ric
|a Texas A&M University
|b Rellis Campus
|c Joint Library Facility
|d Remote Storage
|t 0
|e QD79.I5 S76 1973
|h Library of Congress classification
|i unmediated -- volume
|m A14804678129
|
| 952 |
f |
f |
|p normal
|a Texas A&M University
|b Galveston Campus
|c Jack K. Williams Library
|d Galveston Stacks
|t 0
|e QD79.I5 S76 1973
|h Library of Congress classification
|i unmediated -- volume
|m 33620000194072
|
| 998 |
f |
f |
|a QD79.I5 S76 1973
|t 0
|l Remote Storage
|
| 998 |
f |
f |
|a QD79.I5 S76 1973
|t 0
|l Galveston Stacks
|